[Event "Medellin Flores op 30th"]
[Site "Medellin"]
[Date "2023.08.07"]
[Round "9"]
[White "Ardila, Oscar Humberto"]
[Black "Trujillo Chaverra, Fernando"]
[Result "1-0"]
[WhiteElo "1987"]
[BlackElo "1982"]
[PlyCount "75"]
[EventDate "2023.08.03"]
[EventType "swiss"]
[EventRounds "9"]
[EventCountry "COL"]
[SourceTitle "CBM 215 Extra"]
[Source "ChessBase"]
[SourceDate "2023.09.30"]
[SourceVersion "1"]
[SourceVersionDate "2023.09.30"]
[SourceQuality "1"]

1. d4 Nf6 2. c4 e6 3. Qc2 d5 4. Nf3 Be7 5. Bg5 Nbd7 6. Nc3 h6 7. Bh4 0-0 8. e3 b6 9. cxd5 exd5 10. Bd3 Bb7 11. 0-0 Re8 12. Rac1 c6 13. a3 Ne4 14. Bxe7 Qxe7 15. Bxe4 dxe4 16. Nd2 Nf6 17. Ne2 Rac8 18. b4 Nd5 19. Ng3 Ba6 20. Rfe1 Bd3 21. Qb3 Qg5 22. f4 Qg6 23. Nc4 Bxc4 24. Rxc4 h5 25. Qc2 h4 26. Nf1 Ne7 27. Rc1 Rcd8 28. Qf2 h3 29. Ng3 f5 30. gxh3 Rd6 31. Kh1 Qh6 32. Qg2 Qh4 33. Rg1 Rh6 34. Nxe4 Rg6 35. Ng5 Nd5 36. Rxc6 Nxe3 37. Qa2+ Kh8 38. Rxg6 1-0

[Event "Medellin Flores op 30th"]
[Site "Medellin"]
[Date "2023.08.07"]
[Round "8"]
[White "Trujillo Chaverra, Fernando"]
[Black "Vargas, Mauricio"]
[Result "1-0"]
[WhiteElo "1982"]
[BlackElo "2035"]
[PlyCount "75"]
[EventDate "2023.08.03"]
[EventType "swiss"]
[EventRounds "9"]
[EventCountry "COL"]
[SourceTitle "EXT 2024"]
[Source "ChessBase"]
[SourceDate "2023.10.10"]
[SourceVersion "1"]
[SourceVersionDate "2023.10.10"]
[SourceQuality "1"]

1. e4 c5 2. Nf3 d6 3. d4 cxd4 4. Nxd4 Nf6 5. Nc3 a6 6. Bd3 g6 7. f3 Bg7 8. Be3 0-0 9. Nb3 Nc6 10. Qd2 h5 11. 0-0-0 b5 12. Bh6 b4 13. Nd5 e6 14. Bxg7 Kxg7 15. Nxb4 Ne7 16. Be2 Ne8 17. g4 a5 18. Nd3 a4 19. Nd4 hxg4 20. fxg4 e5 21. Nb5 Qb6 22. Na3 Be6 23. Kb1 Rb8 24. h4 f6 25. c3 Nc6 26. g5 f5 27. Bf3 Nc7 28. h5 fxe4 29. Bxe4 d5 30. hxg6 Rh8 31. Rh7+ Rxh7 32. gxh7 dxe4 33. Qh2 Bxa2+ 34. Ka1 Ne6 35. Nxe5 Nxg5 36. Rd7+ Kf6 37. h8Q+ Rxh8 38. Qxh8+ 1-0

[Event "Medellin Flores op 30th"]
[Site "Medellin"]
[Date "2023.08.06"]
[Round "7"]
[White "Crispin Ferreras, Darvi Abraham"]
[Black "Trujillo Chaverra, Fernando"]
[Result "1-0"]
[WhiteElo "2131"]
[BlackElo "1982"]
[PlyCount "53"]
[EventDate "2023.08.03"]
[EventType "swiss"]
[EventRounds "9"]
[EventCountry "COL"]
[SourceTitle "CBM 215 Extra"]
[Source "ChessBase"]
[SourceDate "2023.09.30"]
[SourceVersion "1"]
[SourceVersionDate "2023.09.30"]
[SourceQuality "1"]

1. e4 e5 2. Nf3 Nf6 3. Nc3 Nc6 4. Bb5 Bc5 5. 0-0 0-0 6. d3 d6 7. h3 h6 8. Na4 Bb4 9. c3 Ba5 10. b4 Bb6 11. Nxb6 axb6 12. a3 Ne7 13. Ba4 Ng6 14. Bc2 Re8 15. Re1 Bd7 16. d4 Bc6 17. c4 Qe7 18. Bb2 Rad8 19. Qd2 Bd7 20. Rad1 Nh5 21. Kh2 Nhf4 22. Rg1 Nh4 23. Qe3 Bg4 24. dxe5 Bxf3 25. exd6 cxd6 26. gxf3 g5 27. Qxf4 1-0

[Event "Medellin Flores op 30th"]
[Site "Medellin"]
[Date "2023.08.05"]
[Round "5"]
[White "Florez Salazar, Luis Angel"]
[Black "Trujillo Chaverra, Fernando"]
[Result "1-0"]
[WhiteElo "2157"]
[BlackElo "1982"]
[PlyCount "103"]
[EventDate "2023.08.03"]
[EventType "swiss"]
[EventRounds "9"]
[EventCountry "COL"]
[SourceTitle "CBM 215 Extra"]
[Source "ChessBase"]
[SourceDate "2023.09.30"]
[SourceVersion "1"]
[SourceVersionDate "2023.09.30"]
[SourceQuality "1"]

1. e4 e5 2. Nf3 Nf6 3. Nc3 Nc6 4. d4 exd4 5. Nxd4 Nxd4 6. Qxd4 d6 7. Bf4 Nh5 8. Be3 Qf6 9. Nd5 Qxd4 10. Bxd4 Kd8 11. Be2 c6 12. Bxh5 cxd5 13. exd5 f6 14. 0-0-0 Be7 15. Rhe1 g6 16. Be2 Bd7 17. Bd3 Rf8 18. Re2 f5 19. Rde1 Bg5+ 20. Kb1 Re8 21. Rxe8+ Bxe8 22. f4 Be7 23. b3 Bf7 24. c4 b6 25. a4 Kd7 26. Kb2 Bd8 27. b4 Bc7 28. Kc3 Re8 29. Rb1 Rb8 30. Kd2 Bg8 31. h3 Rf8 32. Rf1 Bd8 33. g4 fxg4 34. hxg4 Bf6 35. Bxf6 Rxf6 36. f5 g5 37. Rh1 h6 38. Ke3 Bf7 39. Kd4 Kc7 40. Be4 Be8 41. a5 bxa5 42. bxa5 Bd7 43. Bd3 Bc8 44. Re1 Kd8 45. c5 dxc5+ 46. Kxc5 Ba6 47. Bc2 Bc8 48. d6 Bd7 49. Rh1 Bc8 50. Rh2 Bb7 51. Rh3 Bg2 52. Re3 1-0

[Event "Medellin Flores op 30th"]
[Site "Medellin"]
[Date "2023.08.03"]
[Round "1"]
[White "Marin, Sebastian"]
[Black "Trujillo Chaverra, Fernando"]
[Result "1-0"]
[WhiteElo "2294"]
[BlackElo "1982"]
[PlyCount "53"]
[EventDate "2023.08.03"]
[EventType "swiss"]
[EventRounds "9"]
[EventCountry "COL"]
[SourceTitle "CBM 215 Extra"]
[Source "ChessBase"]
[SourceDate "2023.09.30"]
[SourceVersion "1"]
[SourceVersionDate "2023.09.30"]
[SourceQuality "1"]

1. e4 e5 2. Nf3 Nf6 3. Nxe5 d6 4. Nf3 Nxe4 5. c4 Be7 6. d4 d5 7. Bd3 Bb4+ 8. Kf1 0-0 9. Qb3 Be7 10. cxd5 Nf6 11. Nc3 c6 12. dxc6 Nxc6 13. d5 Nb4 14. Bc4 b5 15. Nxb5 Nbxd5 16. Bg5 a6 17. Nbd4 Bd7 18. Rd1 Rb8 19. Qc2 Nb4 20. Qe2 Qc7 21. Rc1 Qd6 22. Qe5 Bb5 23. Qxd6 Bxc4+ 24. Rxc4 Bxd6 25. Nf5 Rfd8 26. Nxd6 Rxd6 27. Bf4 1-0

[Event "COL-ch U2300"]
[Site "Pereira"]
[Date "2022.02.19"]
[Round "6"]
[White "Trujillo Chaverra, Fernando"]
[Black "Mogollon Tobar, Nicolle Juliet"]
[Result "1/2-1/2"]
[WhiteElo "1974"]
[BlackElo "1909"]
[PlyCount "128"]
[EventDate "2022.02.16"]
[EventType "swiss"]
[EventRounds "9"]
[EventCountry "COL"]
[SourceTitle "CBM 207 Extra"]
[Source "ChessBase"]
[SourceDate "2022.05.31"]
[SourceVersion "1"]
[SourceVersionDate "2022.05.31"]
[SourceQuality "1"]

1. e4 d5 2. exd5 Qxd5 3. Nc3 Qa5 4. d4 Nf6 5. Bc4 c6 6. Bf4 Bf5 7. Nge2 e6 8. 0-0 Be7 9. a3 0-0 10. Ng3 Bg6 11. b4 Qd8 12. Re1 Nbd7 13. Bd3 Nb6 14. Bxg6 hxg6 15. Qd3 Nfd5 16. Bd2 Nxc3 17. Bxc3 Qd7 18. Rad1 Rfd8 19. Ne4 Na4 20. Ba1 a5 21. Qb3 b5 22. c4 axb4 23. axb4 bxc4 24. Qxc4 Nb6 25. Qb3 Qd5 26. Qb1 Qb5 27. Nc5 Bf6 28. Qe4 Nd5 29. Rb1 Nc7 30. Rec1 Rd5 31. g3 Rad8 32. Nd3 Qb6 33. Ne5 Bxe5 34. dxe5 Nb5 35. Qf3 Ra8 36. Bb2 Rc8 37. Rc2 Nd4 38. Bxd4 Qxd4 39. b5 c5 40. b6 Qxe5 41. b7 Rb8 42. Qb3 Rd7 43. Qf3 Qf5 44. Qxf5 gxf5 45. Rxc5 Rbxb7 46. Rxb7 Rxb7 47. h4 Kh7 48. Kg2 Kg6 49. Rc6 Kh5 50. Rc5 g5 51. hxg5 Kxg5 52. Rc4 f6 53. Rc8 f4 54. gxf4+ Kxf4 55. Rc4+ Ke5 56. Ra4 Rb5 57. Kf3 f5 58. Kg3 Kd5 59. f4 Rb3+ 60. Kh4 Rc3 61. Kg5 Rc6 62. Kf6 Rb6 63. Kg5 Rc6 64. Kf6 Rb6 1/2-1/2

[Event "COL-ch U2300"]
[Site "Pereira"]
[Date "2022.02.17"]
[Round "3"]
[White "Gonzalez Mojica, Renan Arturo"]
[Black "Trujillo Chaverra, Fernando"]
[Result "1/2-1/2"]
[WhiteElo "2030"]
[BlackElo "1974"]
[PlyCount "126"]
[EventDate "2022.02.16"]
[EventType "swiss"]
[EventRounds "9"]
[EventCountry "COL"]
[SourceTitle "CBM 207 Extra"]
[Source "ChessBase"]
[SourceDate "2022.05.31"]
[SourceVersion "1"]
[SourceVersionDate "2022.05.31"]
[SourceQuality "1"]

1. d4 d5 2. c4 e6 3. Nc3 Nf6 4. cxd5 exd5 5. Bg5 Nbd7 6. e3 Be7 7. Bd3 h6 8. Bh4 c6 9. f3 Qb6 10. Qc2 Qa5 11. Nge2 a6 12. 0-0 c5 13. Kh1 0-0 14. e4 cxd4 15. Nxd4 Ne5 16. Bxf6 Bxf6 17. Nxd5 Bd8 18. a3 Bd7 19. b4 Qa4 20. Qd2 Bc8 21. f4 Nxd3 22. Qxd3 Be6 23. Nxe6 fxe6 24. Nc3 Qe8 25. e5 Be7 26. Ne4 Rd8 27. Qc4 Qg6 28. Ng3 Kh8 29. Ne2 Rd2 30. Ra2 Rfd8 31. Rxd2 Rxd2 32. Ng3 Qg4 33. Qc3 Rd1 34. Qf3 Qxf3 35. gxf3 Rxf1+ 36. Nxf1 a5 37. bxa5 Bxa3 38. Ne3 Bb4 39. Nc4 Kg8 40. Kg2 Kf7 41. Kf2 Ke7 42. Ke3 g6 43. Kd3 Kd7 44. Kc2 Kc6 45. Kb3 Be1 46. Ka4 h5 47. Nb2 Bc3 48. Nd3 Bd2 49. Nb4+ Kc5 50. a6 bxa6 51. Nxa6+ Kb6 52. Nb8 Bxf4 53. h3 Kc5 54. Kb3 Kd4 55. Nd7 g5 56. Nf8 Kxe5 57. Kc3 Kd6 58. Ng6 Bg3 59. Kd4 e5+ 60. Ke4 Ke6 61. Nf8+ Ke7 62. Ng6+ Kf6 63. Nf8 Bf4 1/2-1/2

[Event "COL Subzt 2.3.4"]
[Site "Risarald"]
[Date "2021.11.28"]
[Round "9"]
[White "Trujillo Chaverra, Fernando"]
[Black "Bolanos Lopez, Juan Jacobo"]
[Result "1/2-1/2"]
[WhiteElo "2016"]
[BlackElo "1759"]
[PlyCount "23"]
[EventDate "2021.11.23"]
[EventType "swiss"]
[EventRounds "9"]
[EventCountry "COL"]
[SourceTitle "CBM 205 Extra"]
[Source "ChessBase"]
[SourceDate "2022.01.31"]
[SourceVersion "1"]
[SourceVersionDate "2022.01.31"]
[SourceQuality "1"]

1. e4 c5 2. Nf3 e6 3. d4 cxd4 4. Nxd4 a6 5. Nc3 Qc7 6. Bd3 b5 7. a3 Bb7 8. 0-0 Nc6 9. Be3 Nf6 10. f4 Bc5 11. Nce2 Ng4 12. Qd2 1/2-1/2

[Event "Medellin Raza op"]
[Site "Medellin"]
[Date "2021.10.07"]
[Round "3"]
[White "Trujillo Chaverra, Fernando"]
[Black "Gonzalez, Leandro"]
[Result "0-1"]
[WhiteElo "2043"]
[BlackElo "1773"]
[PlyCount "90"]
[EventDate "2021.10.06"]
[EventType "swiss"]
[EventRounds "9"]
[EventCountry "COL"]
[SourceTitle "EXT 2023"]
[Source "ChessBase"]
[SourceDate "2022.10.05"]
[SourceVersion "1"]
[SourceVersionDate "2022.10.05"]
[SourceQuality "1"]

1. e4 c5 2. Nf3 Nc6 3. d4 cxd4 4. Nxd4 Nf6 5. Nc3 d6 6. Be2 e5 7. Nb3 h6 8. 0-0 Be6 9. f4 exf4 10. Bxf4 d5 11. exd5 Nxd5 12. Nxd5 Qxd5 13. Bf3 Qb5 14. Qe1 Be7 15. Qg3 Bf6 16. c3 Ne7 17. Nd4 Bxd4+ 18. cxd4 Nf5 19. Qf2 0-0 20. Be4 Ne7 21. a4 Qb6 22. a5 Qb4 23. a6 Bd5 24. Bb1 Nc6 25. axb7 Qxb7 26. Bxh6 f5 27. Bf4 Rf6 28. Bg5 Rf7 29. Ba2 Bxa2 30. Rxa2 Qd7 31. Rd1 Qd5 32. Ra3 f4 33. h4 Raf8 34. Rf3 Ne5 35. Rc3 f3 36. Rc5 Qb3 37. Qc2 f2+ 38. Kf1 Qxc2 39. Rxc2 Ng4 40. d5 Nh2+ 41. Ke2 f1Q+ 42. Rxf1 Nxf1 43. d6 Ng3+ 44. Kd3 Nf5 45. Rc6 Rd7 0-1

[Event "COL-ch sf"]
[Site "Medellin"]
[Date "2020.11.14"]
[Round "5"]
[White "Escobar Medina, Andres F"]
[Black "Trujillo Chaverra, Fernando"]
[Result "1/2-1/2"]
[WhiteElo "2249"]
[BlackElo "2072"]
[PlyCount "24"]
[EventDate "2020.11.12"]
[EventType "swiss"]
[EventRounds "8"]
[EventCountry "COL"]
[SourceTitle "CBM 199 Extra"]
[Source "ChessBase"]
[SourceDate "2021.01.31"]
[SourceVersion "1"]
[SourceVersionDate "2021.01.31"]
[SourceQuality "1"]

1. e4 c5 2. Nf3 e6 3. c4 Nc6 4. d4 cxd4 5. Nxd4 Nf6 6. Nc3 Bb4 7. Nxc6 dxc6 8. Qxd8+ Kxd8 9. f3 Bxc3+ 10. bxc3 Nd7 11. Be3 b6 12. a4 a5 1/2-1/2

[Event "COL-ch sf"]
[Site "Medellin"]
[Date "2020.11.14"]
[Round "4"]
[White "Trujillo Chaverra, Fernando"]
[Black "Sanchez Arroyave, Juan Pablo"]
[Result "1-0"]
[WhiteElo "2072"]
[BlackElo "1835"]
[PlyCount "81"]
[EventDate "2020.11.12"]
[EventType "swiss"]
[EventRounds "8"]
[EventCountry "COL"]
[SourceTitle "CBM 199 Extra"]
[Source "ChessBase"]
[SourceDate "2021.01.31"]
[SourceVersion "1"]
[SourceVersionDate "2021.01.31"]
[SourceQuality "1"]

1. e4 c5 2. Nf3 e6 3. d4 cxd4 4. Nxd4 a6 5. Nc3 Qc7 6. a3 Nf6 7. Be3 d6 8. Bd3 b5 9. 0-0 Bb7 10. f4 Nbd7 11. Qf3 Be7 12. Rae1 0-0 13. Qh3 g6 14. f5 exf5 15. exf5 Ne5 16. Kh1 Rfe8 17. Bg5 Nfg4 18. Qh4 Bxg5 19. Qxg5 Qc5 20. Qf4 Nxd3 21. Rxe8+ Rxe8 22. cxd3 Ne3 23. fxg6 f5 24. gxh7+ Kh8 25. Re1 Bxg2+ 26. Kg1 Qe5 27. Qxe5+ Rxe5 28. Nxf5 Rxf5 29. Rxe3 Bf3 30. Re7 d5 31. Rd7 a5 32. Nxb5 Bg4 33. h4 Rf1+ 34. Kxf1 Bxd7 35. Nc3 d4 36. Ne4 Bb5 37. Ke2 Kxh7 38. Ng5+ Kg6 39. Ne6 Kh5 40. Nxd4 Bd7 41. Nf3 1-0

[Event "COL-ch sf"]
[Site "Medellin"]
[Date "2020.11.12"]
[Round "1"]
[White "Loaiza Cuervo, Santiago"]
[Black "Trujillo Chaverra, Fernando"]
[Result "0-1"]
[WhiteElo "1767"]
[BlackElo "2072"]
[PlyCount "72"]
[EventDate "2020.11.12"]
[EventType "swiss"]
[EventRounds "8"]
[EventCountry "COL"]
[SourceTitle "CBM 199 Extra"]
[Source "ChessBase"]
[SourceDate "2021.01.31"]
[SourceVersion "1"]
[SourceVersionDate "2021.01.31"]
[SourceQuality "1"]

1. e4 c5 2. Nf3 e6 3. d4 cxd4 4. Nxd4 Nf6 5. Bd3 Nc6 6. Nxc6 bxc6 7. e5 Qa5+ 8. Nc3 Qxe5+ 9. Be3 Bc5 10. Qf3 Bxe3 11. fxe3 0-0 12. 0-0-0 a5 13. g4 Ba6 14. g5 Nd5 15. Ne4 Bxd3 16. cxd3 f5 17. gxf6 Nxf6 18. Nxf6+ Rxf6 19. Qe4 Qc5+ 20. Kb1 Rb8 21. Rhf1 Qb4 22. Qxb4 Rxb4 23. Rxf6 gxf6 24. d4 Rb5 25. Kc2 Kf7 26. Kc3 Ke7 27. Rg1 Rg5 28. Rg3 Kd6 29. Kc4 h5 30. Rf3 Rg2 31. Rh3 Rxb2 32. a3 Rb5 33. e4 Rg5 34. Rf3 Rg4 35. Re3 Kc7 36. h3 Rxe4 0-1

[Event "Medellin Castro Memorial 36th"]
[Site "Medellin"]
[Date "2019.08.11"]
[Round "9"]
[White "Osorio Guevara, Javier Jose"]
[Black "Trujillo Chaverra, Fernando"]
[Result "1-0"]
[WhiteElo "2097"]
[BlackElo "2066"]
[PlyCount "117"]
[EventDate "2019.08.07"]
[EventType "swiss"]
[EventRounds "9"]
[EventCountry "COL"]
[SourceTitle "EXT 2020"]
[Source "ChessBase"]
[SourceDate "2019.10.17"]
[SourceVersion "1"]
[SourceVersionDate "2019.10.17"]
[SourceQuality "1"]

1. e4 c5 2. Nf3 e6 3. d4 cxd4 4. Nxd4 Nf6 5. Bd3 Nc6 6. Nxc6 bxc6 7. 0-0 d5 8. exd5 cxd5 9. b3 g6 10. Bb2 Bg7 11. Bb5+ Bd7 12. Bxd7+ Qxd7 13. Qf3 Nh5 14. Bxg7 Nxg7 15. c4 0-0 16. Rd1 Rad8 17. cxd5 exd5 18. Nc3 d4 19. Ne4 Qf5 20. Qxf5 Nxf5 21. Nc5 Rfe8 22. Kf1 Rc8 23. Rac1 h5 24. b4 Re5 25. Nd3 Rxc1 26. Rxc1 Re7 27. Rc4 Kg7 28. a4 Kf6 29. b5 Ke6 30. a5 Kd6 31. Rc6+ Kd5 32. Nb4+ Ke4 33. Rc1 Rb7 34. Re1+ Kf4 35. Nd5+ Kg5 36. Rb1 Nd6 37. b6 axb6 38. Rxb6 Rxb6 39. Nxb6 Nb5 40. Ke2 Kf5 41. a6 Na7 42. Kd3 Ke5 43. h4 f6 44. Nd7+ Ke6 45. Nc5+ Ke5 46. Nb3 Nc6 47. Kc4 d3 48. Kc5 Na7 49. Kc4 Nc6 50. Kc3 Kf4 51. Na5 Na7 52. Kxd3 Kg4 53. Kc4 Kxh4 54. Kc5 f5 55. Kb6 Nc8+ 56. Kc7 Na7 57. Nc6 Nb5+ 58. Kb6 Nd6 59. Ne7 1-0

[Event "Medellin Castro Memorial 36th"]
[Site "Medellin"]
[Date "2019.08.10"]
[Round "7"]
[White "Torres, Juan Camilo"]
[Black "Trujillo Chaverra, Fernando"]
[Result "1/2-1/2"]
[WhiteElo "2270"]
[BlackElo "2066"]
[PlyCount "87"]
[EventDate "2019.08.07"]
[EventType "swiss"]
[EventRounds "9"]
[EventCountry "COL"]
[SourceTitle "EXT 2020"]
[Source "ChessBase"]
[SourceDate "2019.10.17"]
[SourceVersion "1"]
[SourceVersionDate "2019.10.17"]
[SourceQuality "1"]

1. d4 Nf6 2. Nf3 e6 3. c4 d5 4. Nc3 Be7 5. Bg5 Nbd7 6. e3 h6 7. Bh4 b6 8. cxd5 exd5 9. Bb5 0-0 10. Bc6 Rb8 11. 0-0 a6 12. Rc1 Bb7 13. Bxb7 Rxb7 14. Ne5 Nb8 15. Qf3 c6 16. Bxf6 Bxf6 17. Nxc6 Nxc6 18. Nxd5 Bxd4 19. Rxc6 Rd7 20. exd4 Rxd5 21. Rxb6 Qxb6 22. Qxd5 Qxb2 23. Qc4 Re8 24. h3 g6 25. d5 Re2 26. d6 Rd2 27. Qxa6 Qxa2 28. Qxa2 Rxa2 29. Rd1 Ra8 30. Kh2 Kg7 31. Kg3 Kf6 32. h4 Ke6 33. d7 Rd8 34. Kf4 Rxd7 35. Rxd7 Kxd7 36. Ke5 Ke7 37. g4 f6+ 38. Kd5 Kd7 39. f4 Ke7 40. f5 h5 41. fxg6 hxg4 42. Ke4 f5+ 43. Kf4 Kf6 44. h5 1/2-1/2

[Event "Medellin Castro Memorial 36th"]
[Site "Medellin"]
[Date "2019.08.09"]
[Round "5"]
[White "Gonzalez Lopez, Nicolas Mateo"]
[Black "Trujillo Chaverra, Fernando"]
[Result "1-0"]
[WhiteElo "2189"]
[BlackElo "2066"]
[PlyCount "83"]
[EventDate "2019.08.07"]
[EventType "swiss"]
[EventRounds "9"]
[EventCountry "COL"]
[SourceTitle "EXT 2020"]
[Source "ChessBase"]
[SourceDate "2019.10.17"]
[SourceVersion "1"]
[SourceVersionDate "2019.10.17"]
[SourceQuality "1"]

1. e4 c5 2. Nf3 e6 3. d4 cxd4 4. Nxd4 Nc6 5. Nc3 Qc7 6. Be3 a6 7. Qf3 Nf6 8. 0-0-0 Be7 9. Be2 0-0 10. g4 Nxd4 11. Bxd4 d6 12. g5 Nd7 13. Rhg1 b5 14. Qh5 b4 15. Rd3 Rd8 16. Rf3 Ne5 17. Bxe5 dxe5 18. Rh3 Kf8 19. Qxh7 Ke8 20. g6 f5 21. Nb5 Qb7 22. Qg8+ Kd7 23. Rd3+ Kc6 24. Rxd8 Bxd8 25. Qxd8 axb5 26. Rd1 Qb8 27. Qe8+ Kc7 28. Qe7+ Kb6 29. Qxb4 Rxa2 30. Rd6+ Ka7 31. Qc5+ Ka8 32. Rd8 Ra1+ 33. Kd2 Kb7 34. Qxb5+ Ka7 35. Qc5+ Kb7 36. Rd3 Ka8 37. Ra3+ Rxa3 38. Qxa3+ Qa7 39. Qxa7+ Kxa7 40. h4 Bd7 41. h5 Be8 42. Bb5 1-0

[Event "Medellin Flores op 24th"]
[Site "Medellin"]
[Date "2017.08.05"]
[Round "4"]
[White "Trujillo Chaverra, Fernando"]
[Black "Betancourt Giraldo, David Rogelio"]
[Result "0-1"]
[WhiteElo "2045"]
[BlackElo "2220"]
[PlyCount "100"]
[EventDate "2017.08.03"]
[EventType "swiss"]
[EventRounds "9"]
[EventCountry "COL"]
[SourceTitle "CBM 179 Extra"]
[Source "ChessBase"]
[SourceDate "2017.08.23"]
[SourceVersion "1"]
[SourceVersionDate "2017.08.23"]
[SourceQuality "1"]

1. c4 c5 2. Nc3 b6 3. Nf3 Bb7 4. g3 Bxf3 5. exf3 Nc6 6. f4 g6 7. Bg2 Bg7 8. 0-0 e6 9. d3 Nge7 10. Be3 0-0 11. Qf3 Rc8 12. Rad1 Nf5 13. Rfe1 Ncd4 14. Bxd4 Nxd4 15. Qb7 a5 16. Bh1 Rb8 17. Qe4 b5 18. Rd2 Qc7 19. Rc1 b4 20. Ne2 Nc6 21. Qe3 Bd4 22. Nxd4 Nxd4 23. Bf3 d6 24. Kg2 f5 25. h4 h5 26. Kh2 Kg7 27. Rg1 a4 28. Bd1 a3 29. b3 Rbe8 30. Kh3 Qe7 31. Re1 Qf6 32. Rg1 Re7 33. Bf3 Kh7 34. Bg2 Rfe8 35. Rgd1 Qg7 36. Bh1 Qh6 37. Bg2 e5 38. fxe5 Rxe5 39. Qxh6+ Kxh6 40. Bf1 Nf3 41. Rc2 Re1 42. Rcc1 Rxd1 43. Rxd1 g5 44. hxg5+ Kxg5 45. Bg2 Nd4 46. f4+ Kf6 47. Bf1 Re3 48. Rd2 h4 49. Bg2 hxg3 50. Bf1 Ne6 0-1

[Event "COL pre olympic sf1"]
[Site "Medellin"]
[Date "2016.03.23"]
[Round "2"]
[White "Trujillo Chaverra, Fernando"]
[Black "Cruz Beltran, Andres Euclides"]
[Result "0-1"]
[WhiteElo "2089"]
[BlackElo "1733"]
[PlyCount "22"]
[EventDate "2016.03.22"]
[EventType "swiss"]
[EventRounds "9"]
[EventCountry "COL"]
[SourceTitle "CBM 171 Extra"]
[Source "ChessBase"]
[SourceDate "2016.04.26"]
[SourceVersion "1"]
[SourceVersionDate "2016.04.26"]
[SourceQuality "1"]

1. e4 e5 2. Nf3 Nc6 3. d4 exd4 4. Nxd4 Bc5 5. Be3 Qf6 6. c3 d6 7. Bc4 Nge7 8. 0-0 Ne5 9. Be2 Qg6 10. f3 0-0 11. Nd2 f5 0-1

[Event "COL pre olympic sf1"]
[Site "Medellin"]
[Date "2016.03.22"]
[Round "1"]
[White "Panesso Rivera, Henry"]
[Black "Trujillo Chaverra, Fernando"]
[Result "1-0"]
[WhiteElo "2357"]
[BlackElo "2089"]
[PlyCount "99"]
[EventDate "2016.03.22"]
[EventType "swiss"]
[EventRounds "9"]
[EventCountry "COL"]
[SourceTitle "CBM 171 Extra"]
[Source "ChessBase"]
[SourceDate "2016.04.26"]
[SourceVersion "1"]
[SourceVersionDate "2016.04.26"]
[SourceQuality "1"]

1. d4 Nf6 2. g3 d5 3. c4 e6 4. Bg2 Bb4+ 5. Bd2 Bxd2+ 6. Qxd2 0-0 7. Nf3 Ne4 8. Qc2 c6 9. 0-0 Nd7 10. Nbd2 Nxd2 11. Nxd2 Nf6 12. e4 dxe4 13. Qc3 Qc7 14. Nxe4 Nxe4 15. Bxe4 Re8 16. Rfe1 Bd7 17. Rad1 Rad8 18. b4 Bc8 19. a4 a6 20. a5 g6 21. Bf3 Re7 22. h4 h5 23. Re5 Qd6 24. Rc5 Red7 25. Qe3 Qe7 26. Qf4 Qd6 27. Qe4 Qe7 28. Rg5 Qf6 29. Re5 Rd6 30. Qe3 R6d7 31. Kg2 Rd6 32. Re4 R6d7 33. Rf4 Qe7 34. Rb1 Rd6 35. c5 R6d7 36. Qe5 Qf8 37. Rf6 Rxd4 38. Be4 Qg7 39. Re1 Rxb4 40. Qg5 Rdd4 41. Bxg6 Kf8 42. Rxf7+ Qxf7 43. Bxf7 Kxf7 44. Qxh5+ Ke7 45. Qh7+ Kd8 46. Qh8+ Kc7 47. Qe5+ Kd8 48. h5 Rd5 49. Qf6+ Kc7 50. h6 1-0

[Event "Medellin Navideno op"]
[Site "Medellin"]
[Date "2015.12.13"]
[Round "6"]
[White "Trujillo Chaverra, Fernando"]
[Black "Rozo, Claudia Magally"]
[Result "1-0"]
[WhiteElo "2095"]
[BlackElo "1701"]
[PlyCount "87"]
[EventDate "2015.12.10"]
[EventType "swiss"]
[EventRounds "7"]
[EventCountry "COL"]
[SourceTitle "CBM 169 Extra"]
[Source "ChessBase"]
[SourceDate "2015.12.18"]
[SourceVersion "1"]
[SourceVersionDate "2015.12.18"]
[SourceQuality "1"]

1. e4 c5 2. Nf3 d6 3. d4 cxd4 4. Nxd4 Nf6 5. Nc3 h6 6. Bd3 e5 7. Nf3 Be6 8. h3 a6 9. Qe2 Be7 10. g4 h5 11. g5 Nfd7 12. Be3 Nc6 13. Bc4 Bxc4 14. Qxc4 Rc8 15. Qe2 g6 16. Nd5 Nc5 17. Bxc5 dxc5 18. h4 Nd4 19. Nxd4 cxd4 20. 0-0-0 0-0 21. f4 Bd6 22. f5 Qa5 23. Kb1 Qc5 24. Rd2 b5 25. Nf6+ Kg7 26. fxg6 fxg6 27. Nd7 Qc6 28. Nxf8 Bxf8 29. Rf1 Be7 30. Rd3 Rf8 31. Rdf3 Rxf3 32. Qxf3 Qe6 33. Qb3 Qc4 34. Qxc4 bxc4 35. b3 c3 36. Kc1 Ba3+ 37. Kd1 Be7 38. Ke2 a5 39. Kd3 Ba3 40. Rf3 Bc1 41. Kc4 Bb2 42. b4 a4 43. Kb5 a3 44. Kc4 1-0

[Event "COL-ch disabled 2nd"]
[Site "Cali"]
[Date "2008.10.25"]
[Round "2.2"]
[White "Trujillo Chaverra, Fernando"]
[Black "Martinez, Javier4444"]
[Result "1-0"]
[WhiteElo "1847"]
[BlackElo "1600"]
[PlyCount "71"]
[EventDate "2008.10.25"]
[EventType "swiss"]
[EventRounds "7"]
[EventCountry "COL"]
[SourceTitle "EXT 2024"]
[Source "ChessBase"]
[SourceDate "2023.10.10"]
[SourceVersion "1"]
[SourceVersionDate "2023.10.10"]
[SourceQuality "1"]

1. e4 c5 2. Nf3 Nc6 3. d4 cxd4 4. Nxd4 e5 5. Nb3 Nf6 6. Nc3 Bb4 7. Bd3 d5 8. exd5 Nxd5 9. Bd2 Bxc3 10. bxc3 0-0 11. 0-0 f5 12. Bc4 Kh8 13. Qe2 e4 14. Rad1 Ne5 15. Bxd5 Qxd5 16. Bf4 Qe6 17. Qb5 Ng6 18. Bc7 Qc6 19. Qxc6 bxc6 20. Nc5 a5 21. Rd6 Ba6 22. Rfd1 Bc4 23. Nd7 Rg8 24. Nb6 Ra7 25. Nxc4 Rxc7 26. Nxa5 Ra7 27. Nxc6 Rxa2 28. Nd4 Ra4 29. c4 Rc8 30. Ne6 Ne5 31. Rd8+ Rxd8 32. Nxd8 Nxc4 33. Nb7 Nb6 34. Nd6 Nc8 35. Nxc8 g6 36. Ne7 1-0